[Event "St Petersburg Chigorin CC-ch"]
[Site "St Petersburg"]
[Date "2005.05.23"]
[Round "7"]
[White "Zytner, Yury"]
[Black "Khatenever, Feliks"]
[Result "1/2-1/2"]
[WhiteElo "2291"]
[BlackElo "2037"]
[PlyCount "95"]
[EventDate "2005.05.16"]
[EventType "swiss"]
[EventRounds "9"]
[EventCountry "RUS"]
[SourceTitle "EXT 2006"]
[Source "ChessBase"]
[SourceDate "2005.11.24"]
[SourceVersion "1"]
[SourceVersionDate "2005.11.24"]
[SourceQuality "1"]

1. e4 e6 2. d4 d5 3. Nc3 dxe4 4. Nxe4 Nd7 5. Nf3 Be7 6. Bd3 Ngf6 7. Nxf6+ Bxf6 8. 0-0 c5 9. c3 0-0 10. Qc2 g6 11. Bf4 Qb6 12. Rad1 Rd8 13. Rfe1 Nf8 14. Be4 a5 15. Be3 cxd4 16. Nxd4 Qc7 17. Nb5 Rxd1 18. Rxd1 Qe7 19. Nd6 Be5 20. Qd2 f5 21. Bf3 Bd7 22. Nxb7 Bb5 23. c4 Be8 24. Nxa5 Rc8 25. b4 Ba4 26. Nb3 Qh4 27. g3 Qxc4 28. Rc1 Bc3 29. Nc5 Bxd2 30. Rxc4 Bxe3 31. fxe3 Nd7 32. Rc3 Nxc5 33. bxc5 Bc6 34. Kf2 Kf7 35. Bxc6 Rxc6 36. Ke2 Ke7 37. Kd3 Kd7 38. Kc4 Ra6 39. Rc2 Kc6 40. Rd2 Ra4+ 41. Kb3 Re4 42. Rc2 Rxe3+ 43. Kb4 e5 44. a4 Re1 45. a5 Rb1+ 46. Ka4 Ra1+ 47. Kb4 e4 48. Rc3 1/2-1/2

[Event "St Petersburg Chigorin CC-ch"]
[Site "St Petersburg"]
[Date "2005.05.20"]
[Round "5"]
[White "Zytner, Yury"]
[Black "Nikolaev, Yury"]
[Result "1-0"]
[WhiteElo "2291"]
[BlackElo "2080"]
[PlyCount "55"]
[EventDate "2005.05.16"]
[EventType "swiss"]
[EventRounds "9"]
[EventCountry "RUS"]
[SourceTitle "EXT 2006"]
[Source "ChessBase"]
[SourceDate "2005.11.24"]
[SourceVersion "1"]
[SourceVersionDate "2005.11.24"]
[SourceQuality "1"]

1. e4 e5 2. f4 exf4 3. d4 Qh4+ 4. Ke2 d5 5. exd5 Bg4+ 6. Nf3 Nf6 7. Qd3 Nh5 8. Kd2 Bxf3 9. Qxf3 Ng3 10. Bb5+ Kd8 11. Re1 Bb4+ 12. c3 Nf5 13. Qd3 f3 14. gxf3 Nxd4 15. cxb4 a6 16. Ba4 b5 17. Bd1 Nd7 18. Qe4 Qf2+ 19. Kd3 Nf5 20. Nc3 Nd6 21. Qe3 Qxh2 22. Re2 Qh3 23. Qg5+ f6 24. Qxg7 Qxf3+ 25. Kc2 Qf5+ 26. Kb3 Kc8 27. Bc2 a5 28. Bxf5 1-0

[Event "St Petersburg Chigorin CC-ch"]
[Site "St Petersburg"]
[Date "2005.05.19"]
[Round "4"]
[White "Penkov, Aleksey"]
[Black "Zytner, Yury"]
[Result "0-1"]
[WhiteElo "2076"]
[BlackElo "2291"]
[PlyCount "112"]
[EventDate "2005.05.16"]
[EventType "swiss"]
[EventRounds "9"]
[EventCountry "RUS"]
[SourceTitle "EXT 2006"]
[Source "ChessBase"]
[SourceDate "2005.11.24"]
[SourceVersion "1"]
[SourceVersionDate "2005.11.24"]
[SourceQuality "1"]

1. b4 e5 2. Bb2 f6 3. e4 Bxb4 4. Bc4 Qe7 5. Ne2 d6 6. c3 Bc5 7. Qb3 Nh6 8. a4 a6 9. d4 Ba7 10. Nd2 Nf7 11. f4 0-0 12. f5 c6 13. g4 Nd7 14. 0-0-0 b5 15. axb5 axb5 16. Bd3 Ba6 17. h4 c5 18. Bb1 b4 19. c4 cxd4 20. Rdg1 Nb6 21. g5 Kh8 22. g6 Nh6 23. Kd1 Qc7 24. Bc1 Rfc8 25. gxh7 Nxc4 26. Nxc4 Qxc4 27. Qxc4 Bxc4 28. Rg6 d3 29. Ng3 Bf7 30. Bxh6 Bxg6 31. fxg6 gxh6 32. Nf5 b3 33. Bxd3 b2 34. Kd2 Bc5 35. Rb1 Ba3 36. Nxh6 Kg7 37. Ng8 Rxg8 38. hxg8Q+ Rxg8 39. h5 Kh6 40. Bc4 Rg7 41. Bf7 Kxh5 42. Kc2 Kg5 43. Rh1 f5 44. Rh7 Rxg6 45. Bxg6 Kxg6 46. Rh3 Bc5 47. Rg3+ Kf6 48. Rf3 f4 49. Kxb2 Kg5 50. Kc2 Kg4 51. Rf1 f3 52. Kd3 f2 53. Rh1 Kf3 54. Rb1 Bb4 55. Rf1 Be1 56. Rh1 Kg2 0-1